Partidos miembros de Sumar - Estadísticas

Estadísticas generales
  • Esta prueba ha sido intentada 44 veces
  • La puntuación promedio es 8 de 16
Estadísticas de respuestas
Ámbito Partido % Correcto
Nacional Izquierda Unida
92%
Nacional Podemos
83%
Regional Compromís
75%
Regional Más Madrid
69%
Nacional Más País
67%
Nacional Movimiento Sumar
67%
Regional Catalunya en Comú
53%
Regional Chunta Aragonesista
53%
Regional Més per Mallorca
44%
Regional Més per Menorca
44%
Nacional Verdes Equo
44%
Regional Drago Canarias
31%
Nacional Alianza Verde
19%
Regional Batzarre
11%
Regional Izquierda Asturiana
8%
Regional Iniciativa de Pueblo Andaluz
6%
No se encontraron pruebas coincidentes
Distribución de puntuación
Porcentaje de gente con cada puntuación
Porcentaje por número respondido
Historial de tus puntuaciones
No has intentado esta prueba.